Handbook of chemistry

Guardat en:
Dades bibliogràfiques
Autor principal: Norbert Adolph Lange
Format: Llibre
Idioma:Undetermined
Publicat: New York McGraw-Hill 1961
Matèries:
Etiquetes: Afegir etiqueta
Sense etiquetes, Sigues el primer a etiquetar aquest registre!
Thư viện lưu trữ: Trung tâm Học liệu Trường Đại học Cần Thơ
LEADER 00466nam a2200181Ia 4500
001 CTU_26218
008 210402s9999 xx 000 0 und d
082 |a 540 
082 |b L269 
100 |a Norbert Adolph Lange 
245 0 |a Handbook of chemistry 
245 0 |c Norbert Adolph Lange 
260 |a New York 
260 |b McGraw-Hill 
260 |c 1961 
650 |a chemistry 
904 |i Minh, 981012 
980 |a Trung tâm Học liệu Trường Đại học Cần Thơ